Guess the Harry Potter Movies by Scene #49 - Statistics

General Stats
  • This quiz has been taken 106 times
  • The average score is 18 of 20
Answer Stats
Picture Answer % Correct
Philosopher's Stone
100%
Order of the Phoenix
96%
Chamber of Secrets
93%
Chamber of Secrets
93%
Deathly Hallows – Part 2
93%
Deathly Hallows – Part 2
93%
Goblet of Fire
93%
Chamber of Secrets
89%
Goblet of Fire
89%
Philosopher's Stone
89%
Philosopher's Stone
89%
Prisoner of Azkaban
89%
Chamber of Secrets
86%
Goblet of Fire
86%
Order of the Phoenix
86%
Order of the Phoenix
86%
Philosopher's Stone
86%
Deathly Hallows – Part 1
82%
Half-Blood Prince
82%
Order of the Phoenix
82%
No matching quizzes found
Score Distribution
Percent of People with Each Score
Percentile by Number Answered
Your Score History
You have not taken this quiz